000 00679nam a2200229 a 4500
999 _c5299
_d5299
003 PK-NaQUE
005 20250918102603.0
008 250918b ||||| |||| 00| 0 eng d
020 _a1439062056 (hardcover)
020 _a9781439062050 (hardcover)
040 _cQUEST
100 1 _aAgrawal, Dharma P.
245 1 0 _aIntroduction to Wireless and Mobile Systems
250 _a3rd ed.
260 _a[S.l.] :
_bCengage Learning,
_c2012.
300 _a608 p. ;
650 _aMobile Communication Systems
650 _aWireless Communication Systems
700 1 _aZeng, Qing-An.
856 4 0 _uhttp://10.10.170.122:8080/browse/book/28381
_yDownload eBook
942 _cBK
_2ddc